| 000 | 00352nam a22001337a 4500 | ||
|---|---|---|---|
| 008 | 230627b xxu||||| |||| 00| 0 eng d | ||
| 020 | _a0755718992 | ||
| 082 |
_a338.4 _bJOI |
||
| 245 |
_aSecond Report _bProvision of a National High Speed Broadband Infrastructure |
||
| 260 | _bStationery Office | ||
| 300 | _aXX,180p | ||
| 440 | _v1 | ||
| 942 |
_2ddc _cBK |
||
| 999 |
_c2801 _d2801 |
||